书目信息 |
| 题名: |
唐吉诃德
|
|
| 作者: | 朱蓉贞 , 简清国 主编 | |
| 分册: | ||
| 出版信息: | 成都 四川人民出版社 1994.05 |
|
| 页数: | 109页 | |
| 开本: | 32开 | |
| 丛书名: | ||
| 单 册: | ||
| 中图分类: | H319.4 | |
| 科图分类: | ||
| 主题词: | 英语 | |
| 电子资源: | ||
| ISBN: | 7-220-04020-2 | |
| 000 | 00579nam0 2200205 45 | |
| 001 | 0008101542 | |
| 005 | 20000810153734.6 | |
| 010 | @a7-220-04020-2@d5.90元 | |
| 100 | @a20000810d1994 km y0chiy0120 ea | |
| 101 | 0 | @achi |
| 105 | @a z 000yy | |
| 200 | 1 | @a唐吉诃德@ATang Ji He De@f朱蓉贞,简清国主编@FZhu Rong Zhen,Jian Qing Guo Zhu Bian |
| 210 | @a成都@c四川人民出版社@d1994.05 | |
| 215 | @a109页@d32开 | |
| 606 | 0 | @a英语 |
| 690 | @aH319.4@v3 | |
| 701 | 0 | @a朱蓉贞@4主编 |
| 701 | 0 | @a简清国@4主编 |
| 801 | @aCN@bPftUser@c20000810 | |
| 905 | @b101620-624@dH319.4@eY108/3@f5 | |
| 唐吉诃德/朱蓉贞,简清国主编.-成都:四川人民出版社,1994.05 |
| 109页;32开 |
| ISBN 7-220-04020-2:5.90元 |
| ● |
| 相关链接 |
|
|
|
正题名:唐吉诃德
索取号:H319.4/Y108/3
 
预约/预借
| 序号 | 登录号 | 条形码 | 馆藏地/架位号 | 状态 | 备注 |
| 1 | 101620 | 201016202 | 语言库209/209语言库 50排3列4层/ [索取号:H319.4/Y108/3] | 在馆 | |
| 2 | 101621 | 201016211 | 自科二线504/504自科库 14排1列1层/ [索取号:H319.4/Y108/3] | 在馆 | |
| 3 | 101622 | 201016220 | 语言库209/209语言库 50排3列4层/ [索取号:H319.4/Y108/3] | 在馆 | |
| 4 | 101623 | 201016239 | 语言库209/209语言库 50排3列4层/ [索取号:H319.4/Y108/3] | 在馆 | |
| 5 | 101624 | 201016248 | 语言库209/209语言库 50排3列4层/ [索取号:H319.4/Y108/3] | 在馆 |